000 00374nam a22001577a 4500
003 MPLRDC
005 20220104153217.0
008 210129b ||||| |||| 00| 0 eng d
082 _a857.9 JD-8 v.2 c.4
100 _a金童
245 _a仙鹤神针. 二
_c
260 _a
_b武功出版社
_c
300 _b
650 _a武侠小说
942 _cBK
_o857.9 JD-8 v.2 c.4
999 _c53320
_d53310